01842nam a2200361 a 4500001001200000003000800012006001900020007001500039008004100054010001700095020003900112020003800151020002700189040002100216035002100237050002300258082001900281100002200300245013300322260005700455300002500512504005100537505046500588533015201053650001601205650003001221650001701251655002901268700002301297710001701320856012601337999001701463ebr10676841CaPaEBRm u cr cn|||||||||121120s2013 caua sb 001 0 eng d z 2012046533 z9780804781961 (cloth : alk. paper) z9780804787116 (pbk. : alk. paper) z9780804785402 (e-book) aCaPaEBRcCaPaEBR a(OCoLC)84761717914aHD31b.E659 2013eb04a658.4001/92231 aEoyang, Glenda H.10aAdaptive actionh[electronic resource] :bleveraging uncertainty in your organization /cGlenda H. Eoyang and Royce J. Holladay. aStanford, Calif. :bStanford Business Books,cc2013. aviii, 253 p. :bill. aIncludes bibliographical references and index.0 aPart I. What causes uncertainty? What can you do about it? -- Why so uncertain? -- What can you do? -- What? -- So what? -- Now what? -- Now what? again -- Part II. So what does adaptive action look like on the ground? -- Adaptive action in action -- Capacity building -- Leading change -- Working as a social act -- Part III. Now what will you do? -- Gaps revisited -- Lessons for what? -- Lessons for so what? -- Lessons for now what? -- Adaptive innovation. aElectronic reproduction.bPalo Alto, Calif. :cebrary,d2013.nAvailable via World Wide Web.nAccess may be limited to ebrary affiliated libraries. 0aManagement. 0aAdaptability (Psychology) 0aUncertainty. 7aElectronic books.2local1 aHolladay, Royce J.2 aebrary, Inc.40uhttp://site.ebrary.com/lib/rucke/Doc?id=10676841zAn electronic book accessible through the World Wide Web; click to view c59210d59210